Music Quiz

Random Music or Missing Word Quiz

3 Songs, 1 Missing Word VII Quiz Stats

 Plays Quiz Updated Jun 16, 2017

Support Sporcle.
Go Orange.
Score 0/33 Timer 05:00
0 Plays Today
% Correct
Give
95.7%
Home
95.7%
Cry
95.5%
First
95.3%
Head
95.3%
Another
95.2%
Sound
95.2%
Ways
95.1%
Ball
95%
Crazy
95%
Dance
94.9%
Shake
94.4%
Sky
94.2%
Young
94%
Play
93.6%
Make
93.6%
Party
92.8%
% Correct
Sun
92.7%
Turn
92.7%
Alone
92.5%
Waiting
92.3%
Money
92.2%
Wind
92%
Little
91.2%
Talk
90.9%
Band
90.6%
Glass
90.4%
Over
89.7%
Hearts
89.5%
Song
89.1%
Wild
88.6%
Easy
87.4%
Slow
76.5%

You're not logged in!

Compare scores with friends on all Sporcle quizzes.
OR
Log In
Forgot?

From the Vault

Crossword Blackout! XVIII

by hockeystix3

No, there's no power outage, we promise. Hopefully.
Remove Ads.
Support Sporcle.
Get the best of Sporcle when you Go Orange. This ad-free experience offers more features, more stats, and more fun while also helping to support Sporcle. Thank you for becoming a member.

Show Comments

Extras

Top Quizzes Today


Score Distribution

Your Account Isn't Verified!

In order to create a playlist on Sporcle, you need to verify the email address you used during registration. Go to your Sporcle Settings to finish the process.

Report this User

Report this user for behavior that violates our Community Guidelines.

Details: